[Event "IECG OP.2006.0.00024"]
[Site "IECG email"]
[Date "2006.04.23"]
[Round "?"]
[White "Thiego Raeder, Oliviera"]
[Black "Ribeiro, Nuno Luis"]
[Result "1-0"]
[WhiteElo "800"]
[BlackElo "1000"]
[PlyCount "73"]
[EventDate "2006.04.23"]
[EventType "tourn (corr)"]
[EventRounds "6"]
[SourceTitle "Corr 2008"]
[Source "ChessBase"]
[SourceDate "2008.06.24"]
[SourceVersion "1"]
[SourceVersionDate "2008.06.24"]
[SourceQuality "1"]

1. d4 Nf6 2. Nf3 c5 3. c3 cxd4 4. cxd4 g6 5. Nc3 Bg7 6. e4 d5 7. Bb5+ Bd7 8. Bxd7+ Nfxd7 9. Nxd5 e6 10. Nc3 Nc6 11. 0-0 0-0 12. Be3 Nb6 13. Qe2 f5 14. Rad1 fxe4 15. Bg5 Qc7 16. Nxe4 Nd5 17. Rc1 h6 18. Be3 g5 19. h4 g4 20. Nfd2 h5 21. Ng5 Rae8 22. Qd3 Bh6 23. Nde4 Qg7 24. Rfd1 Qg6 25. Rc5 Ncb4 26. Qe2 b6 27. Rc4 Nxa2 28. Ra1 Bxg5 29. Bxg5 Nab4 30. Rxa7 b5 31. Rc5 e5 32. Bd2 exd4 33. Bxb4 Rxe4 34. Qd2 Re5 35. Rxd5 g3 36. fxg3 Rxd5 37. Bxf8 1-0